Патриарх горного образования Сибири; Известия Томского политехнического университета [Известия ТПУ]; Т. 315, № 1: Науки о Земле
| Parent link: | Известия Томского политехнического университета [Известия ТПУ]/ Томский политехнический университет (ТПУ).— , 2000- Т. 315, № 1: Науки о Земле.— 2009.— [С. 93-95] |
|---|---|
| Hlavní autor: | |
| Shrnutí: | Заглавие с титульного листа Электронная версия печатной публикации Описан жизненный путь горного инженера Д. А. Стрельникова, профессора Томского политехнического института. |
| Jazyk: | ruština |
| Vydáno: |
2009
|
| Edice: | Страницы истории ТПУ |
| Témata: | |
| On-line přístup: | http://www.lib.tpu.ru/fulltext/v/Bulletin_TPU/2009/v315/i1/14.pdf |
| Médium: | MixedMaterials Elektronický zdroj Kapitola |
| KOHA link: | https://koha.lib.tpu.ru/cgi-bin/koha/opac-detail.pl?biblionumber=176163 |
MARC
| LEADER | 00000nla2a2200000 4500 | ||
|---|---|---|---|
| 001 | 176163 | ||
| 005 | 20231031165231.0 | ||
| 035 | |a (RuTPU)RU\TPU\book\190987 | ||
| 035 | |a RU\TPU\book\190984 | ||
| 090 | |a 176163 | ||
| 100 | |a 20100224d2009 k y0rusy50 ca | ||
| 101 | 0 | |a rus | |
| 102 | |a RU | ||
| 135 | |a drnn ---uucaa | ||
| 181 | 0 | |a i | |
| 182 | 0 | |a b | |
| 200 | 1 | |a Патриарх горного образования Сибири |b Электронный ресурс |f В. Г. Лукьянов | |
| 203 | |a Текст |c электронный | ||
| 215 | |a 1 файл (118 Кб) | ||
| 225 | 1 | |a Страницы истории ТПУ | |
| 230 | |a Электронные текстовые данные (1 файл : 118 Кб) | ||
| 300 | |a Заглавие с титульного листа | ||
| 300 | |a Электронная версия печатной публикации | ||
| 330 | |a Описан жизненный путь горного инженера Д. А. Стрельникова, профессора Томского политехнического института. | ||
| 337 | |a Adobe Reader | ||
| 461 | 1 | |0 (RuTPU)RU\TPU\book\176237 |t Известия Томского политехнического университета [Известия ТПУ] |f Томский политехнический университет (ТПУ) |d 2000- | |
| 463 | 1 | |0 (RuTPU)RU\TPU\book\190906 |x 1684-8519 |t Т. 315, № 1: Науки о Земле |v [С. 93-95] |d 2009 |p 114 с. | |
| 600 | 1 | |a Стрельников |g Дмитрий Александрович |b Д. А. |f 1881-1964 |c российский горный инженер |c профессор Томского политехнического института |y Томск |2 stltpush |3 (RuTPU)RU\TPU\pers\1440 | |
| 601 | 0 | 2 | |a Томский политехнический институт (ТПИ) |c (1944-1991) |2 stltpush |3 (RuTPU)RU\TPU\col\1123 |
| 610 | 1 | |a горные инженеры | |
| 610 | 1 | |a горные предприятия | |
| 610 | 1 | |a Кузбасс | |
| 610 | 1 | |a подготовка | |
| 610 | 1 | |a техники | |
| 610 | 1 | |a труды учёных ТПУ | |
| 610 | 1 | |a электронный ресурс | |
| 700 | 1 | |a Лукьянов |b В. Г. |c горный инженер |c профессор Томского политехнического университета, доктор технических наук |f 1930- |g Виктор Григорьевич |2 stltpush |3 (RuTPU)RU\TPU\pers\12910 | |
| 801 | 1 | |a RU |b 63413507 |c 20090623 |g PSBO | |
| 801 | 2 | |a RU |b 63413507 |c 20211216 |g PSBO | |
| 856 | 4 | |u http://www.lib.tpu.ru/fulltext/v/Bulletin_TPU/2009/v315/i1/14.pdf | |
| 942 | |c CF | ||